000
00338nam a22001577a 4500
003
SGT
020
_a
9789353943455
082
_a
150
_b
S23A
100
_a
ARONSON, ELLIOT
245
_a
SOCIAL PSYCHOLOGY
250
_a
10TH
260
_a
INDIA
_b
PEARSON PUB
_c
2023
300
_a
668
650
_a
CLINICAL PSYCHOLOGY
942
_2
ddc
_c
BK
999
_c
26852
_d
26852